000 00789nam a2200253 a 4500
001 72725
003 BD-RjUL
005 20211209082313.0
008 170522s1965 nyua b 001 0 eng d
035 _a(BD-RjUL)72943
040 _aDLC/ICU
_cICU
_dBD-RjUL
_beng
041 _aeng
082 0 0 _223
_a582.130975
_bSTW 1965
100 1 _aStupka, Arthur.
_9215119
245 1 0 _aWildflowers in color /
_cby Arthur Stupka with the assistance of Donald H. Robinson.
250 _a1st ed.
260 _aNew York :
_bHarper & Row,
_cc1965.
300 _axiv, 144 p. :
_bill. ;
_c22 cm.
504 _aIncludes bibliography: (p. 135-136) and indexes.
650 0 _aWild flowers
_zAppalachian Region.
_9215120
700 _aRobinson, Donald H.
_9215121
942 _2ddc
_cBK
999 _c72725
_d72725